| 000 | 00404nam a22001697a 4500 | ||
|---|---|---|---|
| 005 | 20230918101727.0 | ||
| 008 | 230908b |||||||| |||| 00| 0 eng d | ||
| 082 |
_a005.369 _bCOU-M |
||
| 100 | _aCourter,Gini | ||
| 245 | _aMicrosoft Office 2000 | ||
| 260 |
_aUSA _bBPB Publications _c1999 |
||
| 300 | _a1164 | ||
| 500 | _aInclude Index | ||
| 650 | _aComputer | ||
| 700 | _aGini Courter | ||
| 999 |
_c33475 _d33475 |
||